| 000 | 00382nam a22001457a 4500 | ||
|---|---|---|---|
| 003 | OSt | ||
| 008 | 210916b ||||| |||| 00| 0 eng d | ||
| 020 | _a9789389130072 | ||
| 082 |
_a631 _bSIN/PR |
||
| 100 |
_aSingh ,Brahma _95074 |
||
| 245 | _aPrecision Farming & Protected Cultivation | ||
| 260 |
_aNew Delhi _bNew India Publishing Agency _c2019 |
||
| 300 | _a248 pages | ||
| 942 | _cBK | ||
| 999 |
_c17443 _d17443 |
||